| 000 | 00672nam a22002057a 4500 | ||
|---|---|---|---|
| 003 | OSt | ||
| 005 | 20140310182920.0 | ||
| 008 | 130129t xxu||||| |||| 00| 0 eng d | ||
| 020 | _a9718974008 | ||
| 050 |
_aJQ 1412.Z13 _bSa195 1996 |
||
| 082 |
_aFIL 371.26 _bSa5 1996 |
||
| 245 |
_aReviewer for Career Service Examination (professional and sub-professional levels) _cSan Jose-Pañgan,Reuben, Marina T. San Jose-Pañgan |
||
| 260 |
_aQuezon City : _bCasa de Bambini White Plains Learning Center _c1996. |
||
| 300 |
_avii, 92 leaves ; _c28 cm. |
||
| 521 | _acollege students | ||
| 526 | _c1210L-1700L | ||
| 541 | _j1 | ||
| 562 | _e1 | ||
| 942 |
_2lcc _cBK _kFIL |
||
| 999 |
_c17337 _d17337 |
||